000 00602nam a2200193Ia 4500
008 151121s9999||||xx |||||||||||||| ||und||
082 _a813/साळगा
082 _bHNW-42408
100 _aसाळगावकर शशिकला
245 _aसारीपाट
260 _b"मेनका प्रकाशन, पुणे।"
260 _c--
300 _a126
600 _aसाळगावकर शशिकला
630 _aसारीपाट
700 _aसाळगावकर शशिकला
730 _aसारीपाट
942 _cBOOK
999 _c1231018
_d1231015